000 00513nam a2200157 i 4500
001 62085
003 ES-MaACL
005 20251105063132.0
007 t|
008 031117s1918 sp ||||1| cat d
100 1 _aFaura i Sans, M.,
_d1883-1941
_948954
245 1 0 _aAntología de naturalistes catalans
_b: M.I. Sr. D. Jaume Almera y Comas /
_cMariano Faura y Sans.
260 _aBarcelona :
_b[s.n.,
_c1918] (
_fFrancisco X. Altés y Alabart)
852 _aES-MaACL
_j1622-F-10
999 _c62085
_d62085